[Event "Biel op"]
[Site "Biel"]
[Date "1995.??.??"]
[Round "4"]
[White "Miles, Anthony J"]
[Black "Klovans, Janis"]
[Result "1/2-1/2"]
[WhiteElo "2600"]
[BlackElo "2485"]

1.d4 d5 2.Bg5 Nf6 3.Bxf6 exf6 4.e3 c6 5.Nf3 Bd6 6.Nbd2 O-O 7.Bd3 Nd7 8.c3 Re8
9.Qc2 Nf8 10.O-O g6 11.c4 dxc4 12.Bxc4 Kg7 13.Rac1 Qe7 14.a3 Bd7 15.Bd3 Ne6
16.Nc4 Bc7 17.Rfd1 Rad8 18.Qc3 Bc8 19.b4 Kg8 20.Bf1 Bb8 21.g3 Nc7 22.Bg2 Bg4
23.Re1 h5 24.Qb2 Qd7 25.Na5 Nb5 26.Nb3 Nd6 27.Nc5 Qe7 28.a4 a6 29.Qb3 Ba7
30.Rc2 Nf5 31.Rec1 h4 32.Nd2 h3 33.Bf1 Nd6 34.Nc4 Bxc5 35.bxc5 Nxc4 36.Bxc4 Kg7
37.Rb2 Qe4 38.Bf1 Re7 39.Qd3 Qf3 40.Re1 Rde8 41.a5 Rd8 42.Rb4 g5 43.Qc2 Kg8
44.Qb2 Kg7 45.Ra1 Rd5 46.Ra3 Rdd7 47.d5 Rxd5 48.e4 Qd1 49.Ra1 Rd2 50.Rxd1 Rxb2
51.Rxb2 Bxd1 52.Bxh3 Rxe4 53.f3 Bxf3 54.Rxb7 g4 55.Bf1 Ra4 56.Bxa6 Rxa5 57.Bc4 Rxc5
58.Bxf7 Kh6 59.Rb2 Kg5 60.Be6 Re5 61.Bd7 Rd5 62.Be6 Rd1+ 63.Kf2 Rh1 64.h4+ gxh3
65.Kxf3 h2 66.Rf2 Re1 67.Rxh2 Rxe6 68.g4 Kg6 69.Rc2 Kf7 70.Kf4 Ke7 71.Rc4 Rd6
72.Ke4 Re6+ 73.Kf4  1/2-1/2

[Event "Biel op"]
[Site "Biel"]
[Date "1995.??.??"]
[Round "4"]
[White "Gilles, Raphael"]
[Black "Golubev, Mihail"]
[Result "0-1"]
[WhiteElo "2235"]
[BlackElo "2525"]

1.d4 Nf6 2.Bg5 c5 3.d5 Ne4 4.Bf4 Qb6 5.Nd2 Qxb2 6.Nxe4 Qb4+ 7.Qd2 Qxe4 8.Nf3 e6
9.d6 Nc6 10.e3 Nb4 11.Bd3 Nxd3+ 12.cxd3 Qc6 13.Qc3 f6 14.Rc1 Bxd6 15.Bxd6 Qxd6
16.O-O b6 17.d4 c4 18.Qxc4 Bb7 19.a4 O-O 20.a5 Rfc8 21.Qa4 Bc6 22.Qa2 Qd5
23.Qxd5 Bxd5 24.axb6 axb6 25.Rb1 Rab8 26.Rb4 b5 27.Rfb1 Be4 28.Ra1 Rc4  0-1

[Event "GER-ch"]
[Site "Binz"]
[Date "1995.??.??"]
[Round "9"]
[White "Reddmann, Hauke"]
[Black "Kirschbaum, Gunnar"]
[Result "1/2-1/2"]
[WhiteElo "2285"]
[BlackElo "2205"]

1.d4 Nf6 2.Bg5 g6 3.Nc3 d6 4.e4 c6 5.Qd2 Qa5 6.f3 Nbd7 7.Nge2 b5 8.Nc1 Bg7
9.Nb3 Qc7 10.Bh6 Bxh6 11.Qxh6 a5 12.a4 b4 13.Nd1 c5 14.Ne3 Bb7 15.Bb5 Bc6
16.Bxc6 Qxc6 17.dxc5 Nxc5 18.O-O Nxa4 19.Nd4 Qc5 20.Rxa4 Qxd4 21.c3 Qd2 22.cxb4 Qxb2
23.bxa5 Qb5 24.Rfa1 Ra6 25.R4a3 Kd7 26.Qh3+ e6 27.Qh4 Ke7 28.Qe1 Rb8 29.Qc3 Nd7
30.Qd4 Qc5 31.Qd3 Qb5 32.Qxb5  1/2-1/2

[Event "GER-ch"]
[Site "Binz"]
[Date "1995.??.??"]
[Round "9"]
[White "Gerstner, Wolfgang"]
[Black "Voekler, Bernd"]
[Result "0-1"]
[WhiteElo "2370"]
[BlackElo "2360"]

1.d4 Nf6 2.Bg5 d5 3.Bxf6 gxf6 4.c4 dxc4 5.e4 b5 6.a4 Bb7 7.f3 c6 8.axb5 cxb5
9.b3 e5 10.bxc4 Bb4+ 11.Kf2 Bc5 12.Ne2 exd4 13.Nf4 d3+ 14.Ke1 Bb4+ 15.Nd2 Qd4
16.Nxd3 Bxd2+ 17.Kxd2 bxc4 18.Qb1 Bc6 19.Qb2 Qd8 20.e5 O-O 21.exf6 Re8 22.Qb4 Qxf6
23.Nb2 Nd7 24.Qc3 Qf4+ 25.Kc2 Nb6 26.Nxc4 Nxc4 27.Bxc4 Rac8 28.g3 Qf5+ 29.Qd3 Qc5
30.Kb2 Rb8+  0-1

[Event "Bled op"]
[Site "Bled"]
[Date "1995.??.??"]
[Round "2"]
[White "Turian, Hans"]
[Black "Kodric, Martin"]
[Result "0-1"]
[WhiteElo "2225"]
[BlackElo "2250"]

1.d4 Nf6 2.Bg5 d5 3.Bxf6 exf6 4.e3 Be6 5.Nf3 Nd7 6.Nbd2 c6 7.c4 Qa5 8.c5 b6
9.cxb6 axb6 10.Bd3 f5 11.Qc2 g6 12.Qxc6 Bb4 13.Qb5 O-O 14.Ke2 Nf6 15.a3 Bd6
16.Rhc1 Qa7 17.Rc2 Bd7 18.Qb3 Ba4 19.Qa2 Bxc2 20.Bxc2 f4 21.exf4 Bxf4 22.Kf1 Qa6+
23.Kg1 Bxd2 24.Nxd2 Qe2 25.Rd1 Ng4  0-1

[Event "Bodensee-Cup"]
[Site "Bodensee"]
[Date "1995.??.??"]
[Round "?"]
[White "Gerstner, Wolfgang"]
[Black "Riedel, Wolfgang"]
[Result "0-1"]
[WhiteElo "2380"]
[BlackElo "2340"]

1.d4 Nf6 2.Bg5 d5 3.e3 Nbd7 4.Nf3 h6 5.Bh4 g6 6.c4 c6 7.Nc3 Bg7 8.cxd5 Nxd5
9.Nxd5 cxd5 10.Bd3 Qa5+ 11.Qd2 Qxd2+ 12.Kxd2 e5 13.dxe5 Nxe5 14.Nxe5 Bxe5
15.Rac1 d4 16.f4 dxe3+ 17.Kxe3 Bxb2 18.Bb5+ Kf8 19.Rc2 g5 20.fxg5 hxg5 21.Bxg5 Be5
22.g3 Be6 23.Bf4 Bxf4+ 24.Kxf4 Rd8 25.Be2 Rd4+ 26.Ke3 Ra4 27.Bf3 Ra3+  0-1

[Event "SWE-ch"]
[Site "Borlange"]
[Date "1995.??.??"]
[Round "8"]
[White "Backelin, Rikard"]
[Black "Moberg, Karl Johan"]
[Result "1/2-1/2"]
[WhiteElo "2310"]
[BlackElo "2420"]

1.d4 Nf6 2.Bg5 d5 3.c3 Nbd7 4.Nf3 g6 5.e3 Bg7 6.Nbd2 O-O 7.Bd3 Re8 8.O-O c6
9.e4 dxe4 10.Nxe4 Nxe4 11.Bxe4 Nf6 12.Bc2 Bg4 13.h3 Bxf3 14.Qxf3 Qb6 15.Bb3 a5
16.Rab1 Rad8 17.Rfe1 Rd7 18.Re5 Qd8 19.Rbe1 e6 20.d5 Rxd5 21.Bxd5 cxd5 22.R5e2 h6
23.Bxf6 Qxf6 24.Qd3 Rd8 25.Qb5 Qe7 26.Rd1 Qc7 27.Qa4 Rd7 28.Red2 Rd8 29.Rd3 Rb8
30.Qb5 Rc8 31.Rf3 b6 32.a3 Qc6 33.Qe2 Qc4 34.Qe3 Qc5 35.Qf4 Qc7 36.Qe3 Qc5
37.Qf4 Qc7  1/2-1/2

[Event "SWE-chJ"]
[Site "Borlange"]
[Date "1995.??.??"]
[Round "8"]
[White "Malmstig, Erik"]
[Black "Thornert, Hakan"]
[Result "1/2-1/2"]
[WhiteElo "2140"]
[BlackElo "2120"]

1.d4 Nf6 2.Bg5 c5 3.Bxf6 gxf6 4.d5 Qb6 5.Qc1 f5 6.e3 Bg7 7.c3 Qf6 8.Nd2 d6
9.Bd3 Nd7 10.Nh3 O-O 11.O-O Ne5 12.Be2 b6 13.Nf4 Bh6 14.Qc2 Kh8 15.Rfd1 Rg8
16.Nf3 Bd7 17.g3 b5 18.Nh5 Nxf3+ 19.Bxf3 Qg5 20.Qd2 Rab8 21.b4 Rgc8 22.Rac1 Bg7
23.Be2 Qh6 24.Nxg7 Qxg7 25.Rb1 cxb4 26.cxb4 Rc7 27.Rdc1 Rbc8 28.Rxc7 Rxc7
29.Rc1 Rb7 30.Kg2 Qe5 31.f4 Qg7 32.Bf3 Qf8 33.Rc3 Qd8 34.Qc2 Kg8 35.e4 fxe4
36.Bxe4 h6 37.Qf2 Rc7 38.Qc2 Rxc3 39.Qxc3 Qc8 40.Qxc8+ Bxc8 41.h3 Kg7 42.g4 Bd7
43.Kg3 f6 44.h4 h5 45.Bf3 Kg6 46.Be4+ Kg7 47.Bf5 Bxf5  1/2-1/2

[Event "BRA-ch"]
[Site "?"]
[Date "1995.??.??"]
[Round "9"]
[White "Disconzi da Silva, Rodrigo"]
[Black "Sunye Neto, Jaime"]
[Result "0-1"]
[WhiteElo "2380"]
[BlackElo "2510"]

1.d4 Nf6 2.Bg5 d5 3.e3 g6 4.Bxf6 exf6 5.Ne2 c6 6.Nd2 Nd7 7.g3 h5 8.h4 Bh6
9.Bg2 f5 10.Nf4 Nf6 11.Nf3 Ng4 12.Qd2 O-O 13.O-O-O Re8 14.Kb1 Nf6 15.Ne5 Ne4
16.Qe1 Bg7 17.Nfd3 Qe7 18.Rg1 Kh7 19.Bf1 Be6 20.Be2 Rac8 21.f3 Nf6 22.Qf2 Rc7
23.Rde1 Bc8 24.Bd1 Qd6 25.Qh2 Rce7 26.Rg2 Qc7 27.Qg1 Bh6 28.a3 b6 29.c3 c5
30.Ba4 Rf8 31.Ka1 Kg7 32.Nf4 a6 33.Bd1 Rfe8 34.Qf2 c4 35.Reg1 Rxe5 36.dxe5 Qxe5
37.Re1 b5 38.Qd2 a5 39.Rge2 Kg8 40.Bc2 Bg7 41.Rd1 Qe7 42.Nxd5 Nxd5 43.Qxd5 Bb7
44.Qxb5 Bxf3 45.Rd7 Qe6 46.Rd6 Qxd6 47.Qxe8+ Bf8 48.Rf2 Qxg3 49.Rf1 Kg7 50.Ka2 Bd6
51.e4 Be2 52.Rb1 Bd3 53.Bxd3 Qxd3 54.exf5 Qxf5 55.Rd1 Qe5 56.Qd7 Be7 57.Rd4 Qe1
58.Rf4 Bf6 59.Qc6 Bxh4 60.Qxc4 Bf6 61.Qc6 Qe6+ 62.Qxe6 fxe6 63.c4 g5 64.Re4 g4
65.c5 g3 66.c6 Bd8 67.Rd4 Bb6 68.Rd7+ Kf6 69.Rb7 g2 70.Rxb6 g1=Q 71.c7 Qc5
72.Rb5 Qxc7 73.Rxh5 Qc4+ 74.Kb1 a4 75.Rh1 e5 76.Re1 e4 77.Rh1 Qd3+ 78.Ka2 e3
79.Rh6+ Kg5 80.Re6 Qd5+ 81.Kb1 Qxe6  0-1

[Event "Ciocaltea mem"]
[Site "Bucharest"]
[Date "1995.??.??"]
[Round "11"]
[White "Atalik, Suat"]
[Black "Moldovan, Daniel"]
[Result "1-0"]
[WhiteElo "2500"]
[BlackElo "2420"]

1.d4 Nf6 2.Bg5 c5 3.dxc5 Qa5+ 4.Nd2 Ne4 5.Be3 e6 6.c3 Nxd2 7.b4 Nxf1 8.bxa5 Nxe3
9.fxe3 Bxc5 10.Nf3 Nc6 11.a6 b6 12.Qd3 O-O 13.Nd4 Rb8 14.Qb5 e5 15.Nb3 Bxe3
16.Rd1 f5 17.Rd6 f4 18.h4 Nd8 19.Qxe5 Nf7 20.Qd5 Bxa6 21.Rxd7 Rbd8 22.Qxf7+ Rxf7
23.Rxd8+ Rf8 24.Rxf8+ Kxf8 25.Nd4 Bb7 26.Nf5 Bxg2 27.Rh2 Bd5 28.Nxe3 fxe3
29.a3  1-0

[Event "Budapest FS07 GM"]
[Site "Budapest"]
[Date "1995.??.??"]
[Round "?"]
[White "McDonald, Neil R"]
[Black "Lukacs, Peter"]
[Result "1-0"]
[WhiteElo "2425"]
[BlackElo "2480"]

1.d4 Nf6 2.Bg5 d5 3.Bxf6 exf6 4.e3 c6 5.Nd2 Bd6 6.g3 O-O 7.Bg2 f5 8.Ne2 Nd7
9.O-O Nf6 10.c4 dxc4 11.Nxc4 Bc7 12.Qc2 Be6 13.Ne5 Nd5 14.Nd3 g6 15.Nc5 Bc8
16.Nc3 Nf6 17.b4 a6 18.a4 Bd6 19.b5 axb5 20.axb5 Rxa1 21.Rxa1 Qc7 22.bxc6 bxc6
23.Qa4 Nd7 24.Na6 Bxa6 25.Qxa6 Nb8 26.Qc4 h5 27.Na4 h4 28.Nc5 hxg3 29.hxg3 Rc8
30.Rb1 Qe7 31.Rb7 Qe8 32.e4 Bxc5 33.dxc5 fxe4 34.Bxe4 Nd7 35.Ra7 Ne5 36.Qc3 Rd8
37.Rc7 Qe6 38.Kg2 Rd7 39.Rc8+ Kh7 40.Qa1 Rd1 41.Qxd1 Qxc8 42.Qh5+  1-0

[Event "Budapest FS08 GM"]
[Site "Budapest"]
[Date "1995.??.??"]
[Round "3"]
[White "Petrosian, Karen"]
[Black "Lengyel, Levente"]
[Result "1/2-1/2"]
[WhiteElo "2400"]
[BlackElo "2365"]

1.d4 Nf6 2.Bg5 d5 3.c4 Ne4 4.Bf4 e6 5.Nf3 Bb4+ 6.Nfd2 O-O 7.a3 Nxd2 8.Nxd2 Bd6
9.Bg3 c5 10.Bxd6 Qxd6 11.dxc5 Qxc5 12.Rc1 dxc4 13.Rxc4 Qa5 14.Qc1 Nc6 15.Rc5 Qd8
16.e3 Ne7 17.Be2 b6 18.Rc2 Bb7 19.O-O Rc8 20.Bf3 Qd3 21.Rc7 Nd5 22.Be4 Qb5
23.Rxc8 Rxc8 24.Qb1  1/2-1/2

[Event "Budapest Furdo"]
[Site "Budapest"]
[Date "1995.??.??"]
[Round "3"]
[White "Kecskes, Gabor"]
[Black "Eperjesi, Laszlo"]
[Result "0-1"]
[WhiteElo "2100"]
[BlackElo "2350"]

1.d4 Nf6 2.Bg5 c5 3.Bxf6 gxf6 4.d5 f5 5.c4 Bg7 6.Nc3 Bxc3+ 7.bxc3 d6 8.e3 Qa5
9.Ne2 Nd7 10.Qc2 Nb6 11.Nf4 Bd7 12.Bd3 e6 13.dxe6 fxe6 14.O-O O-O-O 15.Rab1 Rhg8
16.Rb2 Rg5 17.Rfb1 Rdg8 18.g3 Re8 19.e4 fxe4 20.Bxe4 d5 21.cxd5 exd5 22.Rxb6 axb6
23.Nxd5 Re6 24.f4 Rg7 25.f5 Rd6 26.f6 Rf7 27.Rd1 Kb8 28.Rd2 Bc6 29.Ne7 Bxe4
30.Qxe4 Rxd2 31.Qe5+ Ka7 32.Nc8+ Ka6 33.Qe6 Rfd7 34.Qc4+  0-1

[Event "Budapest FS10 IM-A"]
[Site "Budapest"]
[Date "1995.??.??"]
[Round "3"]
[White "Kecskes, Gabor"]
[Black "Mikhailov, V."]
[Result "0-1"]
[WhiteElo "2280"]
[BlackElo "2355"]

1.d4 Nf6 2.Bg5 g6 3.Bxf6 exf6 4.e3 Bg7 5.g3 f5 6.Ne2 O-O 7.Bg2 d5 8.O-O c6
9.Nd2 Nd7 10.c4 dxc4 11.Nxc4 Nb6 12.Nxb6 axb6 13.Qc2 b5 14.Nf4 Qb6 15.Nd3 Rd8
16.Qc5 Qxc5 17.Nxc5 Bf8 18.Rfc1 Ra7 19.a3 Bg7 20.Bf1 Bf8 21.Rc2 Be7 22.Be2 Kg7
23.Rd1 Be6 24.Nxe6+ fxe6 25.Kf1 Kf6 26.Bf3 Ra4 27.Be2 Rda8 28.Rb1 Bd6 29.f4 h6
30.Bd3 g5 31.Kf2 Rg8 32.Kf1 Rg7 33.Rg2 Ra8 34.Kf2 Rag8 35.Rbg1 Bc7 36.Kf3 Bb6
37.Be2 Ba5 38.Bd3 gxf4 39.Kxf4 Rd8 40.Rd1 Rgd7 41.Bf1 Rd5 42.Rc2 Ke7 43.Bg2 R5d7
44.Rf1 Ra8 45.Rb1 Rg8 46.Kf3 Kf6 47.Re1 Rdg7 48.Rf1 Bc7 49.Rff2 Bxg3 50.hxg3 Rxg3+  0-1

[Event "Budapest FS08 GM"]
[Site "Budapest"]
[Date "1995.??.??"]
[Round "5"]
[White "Petrosian, Karen"]
[Black "Schneider, Attila"]
[Result "0-1"]
[WhiteElo "2400"]
[BlackElo "2355"]

1.d4 Nf6 2.Bg5 c5 3.Bxf6 gxf6 4.d5 Qb6 5.Qc1 Bh6 6.e3 f5 7.g3 Bg7 8.c3 e6
9.Bg2 Na6 10.Ne2 c4 11.O-O Nc5 12.Nd2 Qa6 13.Qc2 h5 14.h4 Nd3 15.b3 Ne5 16.Nf4 cxb3
17.axb3 Qb6 18.e4 Ng6 19.Nc4 Qc7 20.d6 Qd8 21.Nxg6 fxg6 22.f4 b5 23.Ne5 Bxe5
24.fxe5 Bb7 25.exf5 gxf5 26.Bxb7 Qb6+ 27.Kh2 Qxb7 28.Qe2 Kf7 29.c4 bxc4 30.bxc4 a5
31.Rab1 Qc6 32.Qe3 Rag8 33.c5 Rg4 34.Rb6 Qd5 35.c6 Rhg8 36.Rf3 Qa2+ 37.Rf2 Qa1
38.Rb7 Rxh4+ 39.gxh4 Qg1+ 40.Kh3 Qh1+ 41.Rh2 Qf1+  0-1

[Event "Budapest FS04 GM"]
[Site "Budapest"]
[Date "1995.??.??"]
[Round "6"]
[White "Wells, Peter K"]
[Black "Farago, Sandor"]
[Result "0-1"]
[WhiteElo "2530"]
[BlackElo "2360"]

1.d4 Nf6 2.Bg5 g6 3.Bxf6 exf6 4.e3 Bg7 5.h4 h5 6.Ne2 Nc6 7.Nd2 Ne7 8.g3 d6
9.Bg2 c6 10.c4 d5 11.Nf4 dxc4 12.Nxc4 O-O 13.O-O Nd5 14.Nxd5 cxd5 15.Na3 b6
16.Qb3 Bb7 17.Nb5 g5 18.Qd1 Qd7 19.a4 g4 20.Qb3 Rfd8 21.Rfc1 Bc6 22.Bf1 Bh6
23.Bd3 Rac8 24.Nc3 Re8 25.Ne2 Qe6 26.Ba6 Rcd8 27.Qd3 Re7 28.Rc3 Kg7 29.b3 Rd6
30.Rac1 f5 31.Qc2 Bd7 32.Kh2 Qf6 33.Qd2 Rde6 34.Rc7 f4 35.Nxf4 Bxf4 36.exf4 b5
37.Rxd7 Re2 38.Qd3 Rxf2+ 39.Kg1 Rf3  0-1

[Event "Budapest FS04 IM"]
[Site "Budapest"]
[Date "1995.??.??"]
[Round "7"]
[White "Knezevic, Bojan"]
[Black "Eperjesi, Laszlo"]
[Result "1/2-1/2"]
[WhiteElo "2390"]
[BlackElo "2350"]

1.d4 Nf6 2.Bg5 c5 3.dxc5 e6 4.Nd2 Bxc5 5.e3 Be7 6.Ngf3 Nc6 7.e4 Qc7 8.Bd3 b6
9.O-O Bb7 10.Qe2 d6 11.c3 O-O 12.Nd4 g6 13.f4 Nh5 14.Bh6 Rfe8 15.Rae1 Bh4
16.g3 Nxd4 17.cxd4 Bf6  1/2-1/2

[Event "Budapest Statistika"]
[Site "Budapest"]
[Date "1995.??.??"]
[Round "7"]
[White "Szabo, Zsolt Jozsef"]
[Black "Petran, Pal"]
[Result "0-1"]
[WhiteElo "2355"]
[BlackElo "2420"]

1.d4 Nf6 2.Bg5 d5 3.Nd2 Nbd7 4.Ngf3 b6 5.e3 Bb7 6.Ne5 a6 7.Bd3 Nxe5 8.dxe5 Ne4
9.Bh4 Qd7 10.Nf3 e6 11.Bxe4 dxe4 12.Qxd7+ Kxd7 13.O-O-O+ Ke8 14.Nd4 Be7 15.Bxe7 Kxe7
16.Rd2 Rad8 17.Rhd1 f6 18.exf6+ gxf6 19.c4 e5 20.Nb3 Rxd2 21.Rxd2 Rg8 22.g3 h5
23.h4 c5 24.Kd1 Bc8 25.Nc1 Be6 26.b3 b5 27.cxb5 axb5 28.Ne2 b4 29.Kc2 f5
30.Kb2 Ra8 31.Rc2 Kd6 32.Kc1 Kc6 33.Ng1 Bxb3 34.axb3 Ra1+ 35.Kd2 Rxg1 36.Ra2 Rf1
37.Ke2 Rb1 38.Ra6+ Kd5 39.Rh6 Rxb3 40.Rxh5 Rb2+ 41.Ke1 c4 42.Rh8 c3 43.h5 Rb1+  0-1

[Event "HUN-ch"]
[Site "Budapest"]
[Date "1995.??.??"]
[Round "10"]
[White "Tolnai, Tibor"]
[Black "Adorjan, Andras"]
[Result "1-0"]
[WhiteElo "2470"]
[BlackElo "2530"]

1.d4 Nf6 2.Bg5 c5 3.Bxf6 gxf6 4.d5 d6 5.e3 Bg7 6.c4 b5 7.cxb5 a6 8.Nc3 f5
9.Bd3 Qa5 10.Ne2 Nd7 11.bxa6 Rb8 12.Qc2 e6 13.O-O Ne5 14.a7 Rb4 15.a3 Rh4
16.Bb5+ Ke7 17.h3 Qxa7 18.f4 Nd7 19.Rad1 Rg8 20.Rf3 Bf6 21.Kh2 Rh6 22.Bc4 Nb6
23.dxe6 fxe6 24.Nb5 Qa8 25.Nxd6 Bd7 26.Nxf5+ exf5 27.Bxg8 Qc8 28.Bd5 c4 29.Ng3 Rg6
30.e4 Rxg3 31.Rxg3 Ba4 32.Qe2 c3 33.bxc3 Qc5 34.Qh5  1-0

[Event "ARG-chT"]
[Site "Buenos Aires"]
[Date "1995.??.??"]
[Round "1"]
[White "Benko, Francisco"]
[Black "Bosco, Ricardo"]
[Result "1/2-1/2"]
[WhiteElo "2170"]
[BlackElo "2260"]

1.d4 Nf6 2.Bg5 c5 3.c3 cxd4 4.Qxd4 Nc6 5.Qa4 d5 6.Nf3 Ne4 7.Be3 Bd7 8.Qd1 e6
9.Nbd2 f5 10.g3 Be7 11.Bg2 O-O 12.Nxe4 fxe4 13.Nd2 Ne5 14.Bh3 Qe8 15.f3 exf3
16.Nxf3 Nc4 17.Bf2 b6 18.b3 Nd6 19.O-O Ne4 20.Bd4 Bf6 21.Bxf6 gxf6 22.Qd3  1/2-1/2

[Event "Buenos Aires op"]
[Site "Buenos Aires"]
[Date "1995.??.??"]
[Round "5"]
[White "Madina, Martin"]
[Black "Tempone, Marcelo"]
[Result "1/2-1/2"]
[WhiteElo "2290"]
[BlackElo "2415"]

1.d4 Nf6 2.Bg5 c5 3.d5 e5 4.Nc3 d6 5.e4 Be7 6.Nf3 O-O 7.Be2 a6 8.a4 Bg4 9.Bxf6 Bxf6
10.Nd2 Bxe2 11.Qxe2 Nd7 12.O-O g6 13.Nc4 Qe7 14.Rab1 Bg7 15.b4 cxb4 16.Rxb4 Nc5
17.Rb6 Rfd8 18.Rfb1 Rac8 19.Nd1 Rc7 20.R1b4 Bf8 21.Ndb2 f5 22.exf5 gxf5 23.Qh5 Qf6
24.Nd3 Nxd3 25.cxd3 Rdd7 26.g3 Rf7 27.Qf3 Kh8 28.Kg2 Qd8 29.Ne3 f4 30.gxf4 Bh6
31.f5 Bf4 32.Rxf4 exf4 33.Qxf4 Rf6 34.a5 Rg7+ 35.Kf3 Qd7 36.Rb4 Qf7 37.Ke2 Qc7
38.Rc4 Qd7 39.Qd4 Rf8 40.Qc3 h5 41.Rh4 Kg8 42.Qb4 Qe8 43.Re4 Qd8 44.Re6 Qc7
45.f6 Rg1 46.Re7 Qc1 47.f7+ Rxf7 48.Rxf7 Kxf7 49.Qxd6 Re1+ 50.Kf3 Rxe3+ 51.fxe3 Qd1+
52.Kf2 Qd2+ 53.Kf3 Qd1+  1/2-1/2

[Event "BUL-ch"]
[Site "?"]
[Date "1995.??.??"]
[Round "?"]
[White "Delchev, Aleksander"]
[Black "Todorov, Todor"]
[Result "1-0"]
[WhiteElo "2450"]
[BlackElo "2315"]

1.d4 Nf6 2.Bg5 c5 3.Bxf6 gxf6 4.d5 Qb6 5.Qc1 d6 6.e3 Na6 7.c4 Bf5 8.Nc3 Bh6
9.Qd2 Rg8 10.Nf3 O-O-O 11.Nh4 Bd7 12.Be2 Bg5 13.Nf3 Bh6 14.O-O Bh3 15.Ne1 Bd7
16.Kh1 f5 17.Nd3 e5 18.f4 e4 19.Nf2 Bg7 20.Bh5 Rgf8 21.Rac1 Kb8 22.Rg1 Bh8
23.Nh3 h6 24.g3 Nc7 25.g4 fxg4 26.Bxg4  1-0

[Event "BUL-ch"]
[Site "?"]
[Date "1995.??.??"]
[Round "?"]
[White "Delchev, Aleksander"]
[Black "Spasov, Vasil"]
[Result "1-0"]
[WhiteElo "2450"]
[BlackElo "2525"]

1.d4 Nf6 2.Bg5 d5 3.Bxf6 exf6 4.e3 Bd6 5.Nd2 O-O 6.Bd3 c6 7.Qf3 Na6 8.c3 Nc7
9.Ne2 Ne6 10.h4 Re8 11.O-O-O a5 12.g4 Nf8 13.Ng3 Bxg3 14.Qxg3 a4 15.a3 b6
16.Bc2 c5 17.Nf3 Ba6 18.Rd2 Bc4 19.Rhd1 Qe7 20.g5 Ra7 21.gxf6 Qxf6 22.Ne5 Ng6
23.Nxc4 dxc4 24.h5 Nf8 25.dxc5 bxc5 26.Rd6 Ne6 27.Rb6 Raa8 28.Be4 Rad8 29.Rxd8 Rxd8
30.Rb8 Rxb8 31.Qxb8+ Nf8 32.Qg3 Nd7 33.Qc7 Nf8 34.Qxc5 Qxf2 35.Qxc4 Qxe3+
36.Kb1 g5 37.hxg6 hxg6 38.Qxa4 Ne6 39.Qc4 g5 40.Bf5 Qe5 41.Qe4 Qxe4+ 42.Bxe4 Kg7
43.a4 Kf6 44.a5 Ke5 45.Bb7 Nc7 46.a6 Nb5 47.Kc2 Na7 48.Kd3 g4 49.b4 Kd6 50.c4 f5
51.Ke3 Kc7 52.Kf4 Kb6 53.Kxf5 g3 54.Kf4 g2 55.Bxg2 Kxa6 56.Ke5 Kb6 57.Kd4 Nc8
58.Bh3 Ne7 59.Bd7 Kc7 60.Ba4 Nf5+ 61.Kc5 Nd6 62.Kd5 Nf5 63.c5 Ne3+ 64.Ke4 Ng4
65.Kd4 Nh6 66.Bc2 Kc6 67.Kc4 Ng4 68.b5+ Kc7 69.Kd4 Nf6 70.Bf5 Kb7 71.Ke5 Ne8
72.Be4+ Ka7 73.Bg6  1-0

[Event "Caceres"]
[Site "Caceres"]
[Date "1995.??.??"]
[Round "?"]
[White "Rojo Huerta, Gabriel"]
[Black "Reyes, Juan"]
[Result "1/2-1/2"]
[WhiteElo "2365"]
[BlackElo "2430"]

1.d4 Nf6 2.Bg5 c5 3.Nc3 cxd4 4.Qxd4 Nc6 5.Qh4 e6 6.Bxf6 gxf6 7.O-O-O Be7
8.e4 a6 9.f4 b5 10.f5 Qa5 11.Kb1 b4 12.Nce2 Bb7 13.Nf3 O-O-O 14.Ned4  1/2-1/2

[Event "CAN-ch"]
[Site "CAN"]
[Date "1995.??.??"]
[Round "7"]
[White "Littke, Adam"]
[Black "Stone, Raymond"]
[Result "1/2-1/2"]
[WhiteElo "2300"]
[BlackElo "2340"]

1.d4 Nf6 2.Bg5 d5 3.Bxf6 exf6 4.e3 Bd6 5.g3 c6 6.Nd2 Be6 7.Bg2 Nd7 8.Ne2 f5
9.O-O O-O 10.b3 Nf6 11.c4 c5 12.cxd5 Bxd5 13.Bxd5  1/2-1/2

[Event "Cannes op"]
[Site "Cannes"]
[Date "1995.??.??"]
[Round "1"]
[White "Lukasiewicz, Grzegorz"]
[Black "Nikolaidis, Ioannis"]
[Result "1/2-1/2"]
[WhiteElo "2355"]
[BlackElo "2495"]

1.d4 Nf6 2.Bg5 g6 3.Bxf6 exf6 4.e3 f5 5.h4 Bg7 6.h5 d6 7.c3 Nd7 8.Nd2 Nf6
9.Be2 Qe7 10.Qb3 Ne4 11.hxg6 hxg6 12.Rxh8+ Bxh8 13.Ngf3 c6 14.Nxe4 fxe4 15.Nd2 Be6
16.c4 f5 17.O-O-O c5 18.dxc5 dxc5 19.Nb1 b6 20.Nc3 Bd7 21.Nb5 Kf8 22.g3 Bc6
23.Rd2 Be5 24.Nc3 Kg7 25.Nd5 Qf7 26.Qd1 Rh8 27.Nf4 Rb8 28.Kb1 Rb7 29.Rd8 Rd7
30.Rxd7 Qxd7 31.Nd5 b5 32.Nc3 b4 33.Qxd7+ Bxd7 34.Nd5 Bc8 35.Kc2 g5 36.b3 a5
37.Kd2 a4 38.Bd1 a3 39.g4 f4 40.Bc2 Bd7 41.Bxe4 Bxg4 42.exf4 Bxf4+ 43.Kd3 Kf7
44.f3 Bh3 45.Ke2 Ke6 46.Ne3 Ke5 47.Kd3 Bg3 48.Bc6 Be1 49.Ng4+ Kf4 50.Ke2 Bc3
51.Bd7 Bd4 52.Bc8 Kg3 53.Bd7 Kg2 54.Ne3+ Bxe3 55.Bxh3+ Kxh3 56.Kxe3 Kg3 57.Ke4 Kf2
58.Kf5 Kxf3 59.Kxg5 Ke3 60.Kg4 Ke2 61.Kg3  1/2-1/2

[Event "Cannes Martinez op"]
[Site "Cannes"]
[Date "1995.??.??"]
[Round "1"]
[White "Sallen, Laurent"]
[Black "Urday, Henry"]
[Result "0-1"]
[WhiteElo "2165"]
[BlackElo "2435"]

1.d4 Nf6 2.Bg5 c5 3.d5 Qb6 4.Nc3 Qxb2 5.Bd2 Qb6 6.e4 d6 7.f4 e6 8.Rb1 Qd8
9.Bb5+ Bd7 10.dxe6 fxe6 11.e5 dxe5 12.fxe5 Nd5 13.Qg4 Nc6 14.Nf3 Nxc3 15.Bxc3 g6
16.O-O Be7 17.Bd3 Qc7 18.Ng5 Nd4 19.Nf7 Rg8 20.Qh3 Nf5 21.Qxh7 Rf8 22.Nd6+ Nxd6
23.exd6 Qxd6 24.Qxg6+ Kd8 25.Rxf8+ Bxf8 26.Rxb7 c4 27.Ba5+ Kc8 28.Rc7+ Qxc7
29.Bxc7 cxd3 30.Ba5 Bc5+ 31.Kf1 Rb8 32.cxd3 Rb1+ 33.Ke2 Rb2+ 34.Kf3 Bc6+
35.Kf4 Rf2+ 36.Ke5 Rf5+ 37.Qxf5 exf5 38.Kxf5 Bxg2 39.h4 Bf1 40.Ke4 Be2 41.Bc3 Be7
42.Bd4 a5 43.Bb6 a4 44.Bf2 Kd7 45.Ke3 Bh5 46.Kd4 Bf7 47.Kc3 Bxa2 48.h5 Bf7
49.h6 a3 50.h7 a2 51.Kb2 Bf6+ 52.d4 Bd5 53.Be3 Ke8 54.Ka1 Kf7 55.Kb2 Kg6
56.Ka1 Kxh7 57.Kb2 Kg6 58.Ka1 Kf5 59.Kb2 Ke4 60.Bg1 Kf3 61.Ka1 Bg5  0-1

[Event "Cannes Martinez op"]
[Site "Cannes"]
[Date "1995.??.??"]
[Round "2"]
[White "Trommsdorf, Fro"]
[Black "Couttet, Jean Marie"]
[Result "1-0"]
[WhiteElo "2185"]
[BlackElo "2070"]

1.d4 Nf6 2.Bg5 d5 3.Nd2 Bf5 4.Ngf3 Nbd7 5.e3 h6 6.Bh4 e6 7.Bd3 g5 8.Bxf5 exf5
9.Bg3 Ne4 10.Nxe4 fxe4 11.Ne5 Bg7 12.h4 Nxe5 13.dxe5 c6 14.hxg5 Qxg5 15.Rh5 Qg6
16.Qe2 O-O-O 17.O-O-O Rhe8 18.Rdh1 Rd7 19.Qd2 b6 20.Qe2 Kb7 21.R5h4 Bxe5
22.Rxh6 Qg7 23.Bxe5 Qxe5 24.Qg4 Rdd8 25.Rh7 Qf6 26.Qh4 Qxh4 27.R1xh4 Re7
28.Kd2 c5 29.Rf4 Rdd7 30.c3 Kc6 31.Rf6+ Kc7 32.f4 d4 33.cxd4 cxd4 34.g4 dxe3+
35.Kxe3 Rd3+ 36.Ke2 Rdd7 37.Rh1 Rd6 38.Rc1+ Kd7 39.Rxd6+ Kxd6 40.Ke3 Kd5
41.g5 Re6 42.Rd1+ Kc6 43.Rd4 f5 44.gxf6 Rxf6 45.Kxe4 Kc5 46.f5 a5 47.Rd2 Rh6
48.Ke5 Rh1 49.Rc2+ Kb4 50.Rf2 Re1+ 51.Kd6  1-0

[Event "Cannes op"]
[Site "Cannes"]
[Date "1995.??.??"]
[Round "3"]
[White "Landenbergue, Claude"]
[Black "Renet, Olivier"]
[Result "1/2-1/2"]
[WhiteElo "2430"]
[BlackElo "2530"]

1.d4 Nf6 2.Bg5 d5 3.Bxf6 exf6 4.e3 Be6 5.Nd2 Nd7 6.Bd3 f5 7.Qf3 g6 8.Ne2 Nf6
9.O-O-O Bd6 10.h3 Qe7 11.Nf4 O-O-O 12.Kb1 Kb8 13.Rhe1 Rhe8 14.Rc1 Ne4 15.Red1 h5
16.c4 dxc4 17.Nxe6 Nxd2+ 18.Rxd2 fxe6 19.Bxc4 e5 20.dxe5 Bxe5 21.Rxd8+ Rxd8
22.Rd1 c6 23.Rxd8+ Qxd8 24.Qe2 h4 25.Bd3 Qf6 26.f4 Bd6 27.Qf3 a6 28.e4 fxe4
29.Qxe4 Bxf4 30.Qxg6 Qd4 31.Qe8+ Ka7 32.Qe2 Qg1+ 33.Qf1 Qe3 34.a3 Qd4 35.Qe2 Be5
36.Be4 Qg1+ 37.Ka2 Qd4 38.Qc2 c5 39.Bf3 c4 40.Kb1 Qg1+ 41.Ka2 Qd4 42.Kb1 b5
43.Ka2 Kb6 44.Qg6+ Bf6 45.Qc2 Be5 46.Qg6+ Bf6 47.Qc2 a5 48.Be2 a4 49.Bf3 Kc7
50.Be2 Bg7 51.Bf3 Kb6 52.Be2 Be5 53.Bf3 Kc5 54.Bd1 Kb6 55.Qg6+ Bf6 56.Qc2 Ka5
57.Be2 Qe3 58.Bf1 Qe6 59.Qe2 Qd5 60.Qf3 Qe5 61.Qf2 Ka6 62.Qc2 Qd5 63.Kb1 Ka5
64.Be2 Qd4 65.Ka2 Bh8 66.Bf3 Qe3 67.Be2 c3 68.Qd3 Qxd3 69.Bxd3 cxb2 70.Be4 Kb6
71.Bd3 Kc5 72.Be2 Bf6 73.Bf1 b4 74.axb4+ Kxb4 75.Bd3  1/2-1/2

[Event "Cannes Martinez op"]
[Site "Cannes"]
[Date "1995.??.??"]
[Round "8"]
[White "Trommsdorf, Fro"]
[Black "Gentilleau, Jean Philippe"]
[Result "1-0"]
[WhiteElo "2185"]
[BlackElo "2225"]

1.d4 Nf6 2.Bg5 g6 3.Bxf6 exf6 4.e3 f5 5.h4 Bg7 6.Bd3 d6 7.h5 Nd7 8.g4 fxg4
9.hxg6 hxg6 10.Rxh8+ Bxh8 11.Qxg4 Nc5 12.Qg2 Nxd3+ 13.cxd3 c5 14.Ne2 Qb6
15.Nbc3 cxd4 16.exd4 Bf5 17.Qg5 Kf8 18.Qh4 Bg7 19.O-O-O Rc8 20.Kb1 Qa6 21.Nf4 Qc4
22.Nfd5 Bxd3+ 23.Ka1 Bxd4 24.Qe7+ Kg7 25.Qxb7 Be4 26.a3 Bxc3  1-0

[Event "Cannes op"]
[Site "Cannes"]
[Date "1995.??.??"]
[Round "9"]
[White "Kinsman, Andrew PH"]
[Black "Skembris, Spyridon"]
[Result "0-1"]
[WhiteElo "2355"]
[BlackElo "2525"]

1.d4 Nf6 2.Bg5 d5 3.Bxf6 gxf6 4.e3 c5 5.c4 cxd4 6.exd4 Nc6 7.cxd5 Qxd5 8.Nf3 Bg4
9.Be2 O-O-O 10.Nc3 Qa5 11.d5 e6 12.O-O exd5 13.Nd4 Be6 14.Rc1 Kb8 15.a3 Rg8
16.b4 Qb6 17.Nxc6+ Qxc6 18.Qd4 Bh3 19.Bf3 Bh6 20.Rc2 Qc4 21.Rd1 Be6 22.Re2 Qxd4
23.Rxd4 Rc8 24.Nd1 Rc4 25.Rd3 Rd8 26.Re1 Rc1 27.Rd4 Rc4 28.Rd3 d4 29.Be4 f5
30.Bf3 Rc1 31.a4 Ra1 32.a5 Bc4  0-1